LEADER 03594nam 22006735 450 001 9910484598903321 005 20200703152250.0 010 $a1-4020-8286-X 024 7 $a10.1007/978-1-4020-8286-3 035 $a(CKB)1000000000715048 035 $a(SSID)ssj0000318138 035 $a(PQKBManifestationID)11253339 035 $a(PQKBTitleCode)TC0000318138 035 $a(PQKBWorkID)10307411 035 $a(PQKB)11663708 035 $a(DE-He213)978-1-4020-8286-3 035 $a(MiAaPQ)EBC3063966 035 $a(PPN)132872064 035 $a(EXLCZ)991000000000715048 100 $a20100301d2009 u| 0 101 0 $aeng 135 $aurnn|008mamaa 181 $ctxt 182 $cc 183 $acr 200 10$aHost Plant Catalog of Aphids$b[electronic resource] $ePalaearctic Region /$fby Jaroslav Holman 205 $a1st ed. 2009. 210 1$aDordrecht :$cSpringer Netherlands :$cImprint: Springer,$d2009. 215 $a1 online resource (eReference.) 225 1 $aSpringer reference 300 $aBibliographic Level Mode of Issuance: Monograph 311 $a1-4020-8287-8 311 $a1-4020-8285-1 320 $aIncludes bibliographical references. 327 $aIntroduction -- I The Aphids and Their Host Plants -- II Host Plants Genera, Families and Major Taxa -- III The Plants and their Aphids -- Bryophyta. Pteridophyta. Gymnospermae. Dicotyledonae. Monocotyledonae -- IV References. 330 $aHost Plant Catalog of Aphids in the Palaearctic Region; J. Holman The major part of this Catalog presents host lists of particular aphid species in the Palaearctic Region based on published data and more than 2,400 author?s unpublished host records, with respective references arranged by geographical provenance. The book includes separate lists of aphids living on particular plants, arranged in alphabetical order of plant families and genera, separately for mosses, ferns, gymnosperms, dicotyledons and monocotyledons. The coverage is exhaustive, including some 3,706 aphid species (about 80 per cent of the aphid fauna of the world), feeding on 11,131 species of host plants in 1,948 genera and 243 families. Host Plant Catalog of Aphids combines well-organized data with up-to-date information on geographic distribution of particular aphid species and their host relationships. It will be a useful addition to the libraries of institutions and researchers interested in biosystematics, ecology, genetics and phylogeny of aphids, as well as in biodiversity and plant protection. 410 0$aSpringer reference. 606 $aPlant pathology 606 $aEntomology 606 $aAnimal ecology 606 $aBiodiversity 606 $aPlant Pathology$3https://scigraph.springernature.com/ontologies/product-market-codes/L24035 606 $aEntomology$3https://scigraph.springernature.com/ontologies/product-market-codes/L25090 606 $aAnimal Ecology$3https://scigraph.springernature.com/ontologies/product-market-codes/L19015 606 $aBiodiversity$3https://scigraph.springernature.com/ontologies/product-market-codes/L19031 615 0$aPlant pathology. 615 0$aEntomology. 615 0$aAnimal ecology. 615 0$aBiodiversity. 615 14$aPlant Pathology. 615 24$aEntomology. 615 24$aAnimal Ecology. 615 24$aBiodiversity. 676 $a571.92 700 $aHolman$b Jaroslav$4aut$4http://id.loc.gov/vocabulary/relators/aut$0511107 906 $aBOOK 912 $a9910484598903321 996 $aHost plant catalog of aphids$9762573 997 $aUNINA